000 00255nam a2200097Ia 4500
001 687729
005 20250826161601.0
008 250824s9999 xx 000 0 und d
245 0 _aOSMANLININ BÜYÜME SIRLARI
_cYAVUZ BAHADIROĞLU
260 _bPANAMA YAYINLARI
999 _c687729
_d687729